000 00829nam a22002412 4500
001 51234
003 BD-RJUL
005 20211209075629.0
008 160830r19631951enk b 000 0 eng d
035 _aBD-RJUL 51354
040 _aVXI
_cVXI
_dEQO
_beng
041 1 _aeng
_hger
082 _223
_a515
_bKNT 1951
100 1 _aKnopp, Konrad,
_d1882-1957.
_9153274
245 0 0 _aTheory and application of infinite series /
_cTranslated from the 2d German ed. by R.C. Young.
250 _aeng edi.
260 _aLondon :
_aGlasgow :
_bBlackie & Son ltd.,
_c1951 [reprint 1954-1963]
300 _axii, 563 p.
_c23 cm.
500 _aWith a new chapter on Euler's summation formula and asymptotic expansions, translated by W.M. Deans.
504 _aBibliography: p. 564.
650 0 _aSeries, Infinite.
_9152435
942 _2ddc
_cBK
999 _c51234
_d51234